000 00756nam a2200217Ii 4500
003 JO-AjNU
008 230605s9999||||xx |||||||||||||| ||und||
017 _a2007/2/431
040 _aJO-AjNU
_bara
_erda
_cJO-AjNU
041 _aara
050 1 4 _aBJ1291.W34.2007
100 3 _aالواعي،توفيق يوسف ،فارس،عصام,
_eauthor
_99712
245 0 0 _aفي التزكية والأخلاق :التوبة-الصدق-التواضع-الإخلاص-المراقبة
250 _aط1
264 3 1 _aعمان:دار عمار للنشر والتوزيع ،2007
300 _a197ص
336 _atext
_btxt
_2rdacontent
337 _aunmediated
_bn
_2rdamedia
338 _avolume
_bnc
_2rdacarrier
650 4 _aالاداب الاسلامية
_99713
999 _aA1440
_c5008
_d5008